Flags of former Yugoslav republics - Statistics

General Stats
  • This quiz has been taken 49 times
  • The average score is 6 of 6
Answer Stats
Picture Answer % Correct
Socialist Republic of Croatia
100%
Socialist Republic of Serbia
100%
Socialist Republic of Macedonia
97%
Socialist Republic of Slovenia
97%
Socialist Republic of Montenegro
94%
Socialist Republic of Bosnia and Herzegovina
75%
No matching quizzes found
Score Distribution
Percent of People with Each Score
Percentile by Number Answered
Your Score History
You have not taken this quiz